000 02970cam a2200313 4500500
005 20260301003326.0
041 _afre
042 _adc
100 1 0 _aThomas, Frédéric
_eauthor
245 0 0 _aProtection des forêts et environnementalisme colonial : Indochine, 1860-1945
260 _c2009.
500 _a14
520 _aL’histoire de la sylviculture coloniale en Indochine contredit au moins sur trois points le diagnostic porté par Richard Grove sur le rôle de la colonisation dans le développement de la pensée environnementale : la colonisation n’est pas ouverte aux savoirs indigènes, elle stigmatise au contraire les modes d’exploitation locaux pour mieux détourner les ressources à son avantage ; les politiques conservationnistes sont sans effets pour ralentir les dévastations des forêts et relèvent avant tout d’un discours impérialiste ; aucun souci préservationniste n’est observable chez les forestiers et les administrateurs coloniaux. Cet article conclut à un fort décrochage, entre l’environnementalisme colonial des XVIIe et XVIIIe siècles décrit par Richard Grove et les pratiques de mise en valeur des ressources forestières par la colonisation industrielle de la fin du XIXe siècle et du XXe siècle, qui ne permet pas de faire de la colonisation dans son ensemble une racine de la pensée environnementale.
520 _aThe history of colonial forestry in Indo-China contradicts the role historian Richard H. Grove gives to colonization in the development of environmental thought in at least three ways. First, colonization did not pay attention to indigenous knowledge – on the contrary, it stigmatized local modes of exploitation to better divert resources to its own advantage. Second, conservationist policies did not succeed in slowing down forest devastation and for this reason can be reduced to an imperialist discourse. Finally, colonial foresters and administrators ignored preservationist concerns. This article shows a strong disconnect between colonial environmentalism of the seventeenth and eighteenth centuries as described by Grove and the practices of development of the forest resources by industrial colonization at the end of the nineteenth century and during the twentieth century. It is therefore not possible to consider colonization in general as a root of environmental thought.
690 _aForêts
690 _aimpérialisme vert
690 _aIndochine
690 _asavoirs indigènes
690 _asciences coloniales
690 _aVietnam
690 _acolonial sciences
690 _aForest
690 _agreen imperialism
690 _aIndigenous Knowledge
690 _aIndochina
690 _aVietnam
786 0 _nRevue d’histoire moderne & contemporaine | 56-4 | 4 | 2009-11-01 | p. 104-136 | 0048-8003
856 4 1 _uhttps://shs.cairn.info/revue-d-histoire-moderne-et-contemporaine-2009-4-page-104?lang=fr&redirect-ssocas=7080
999 _c1675892
_d1675892